How to Start a Business Without Any Money/ (Record no. 12710)
[ view plain ]
| 000 -LEADER | |
|---|---|
| fixed length control field | 00294nam a22001217a 4500 |
| 020 ## - INTERNATIONAL STANDARD BOOK NUMBER | |
| ISBN | 9780753540879 |
| 082 ## - DEWEY DECIMAL CLASSIFICATION NUMBER | |
| Classification number | 658.110 |
| 100 ## - MAIN ENTRY--AUTHOR NAME | |
| Personal name | Bridge,Rachel |
| 245 ## - TITLE STATEMENT | |
| Title | How to Start a Business Without Any Money/ |
| 260 ## - PUBLICATION, DISTRIBUTION, ETC. (IMPRINT) | |
| Place of publication | UK |
| Name of publisher | Virgin Books Publisher |
| Year of publication | 2012 |
| 300 ## - PHYSICAL DESCRIPTION | |
| Number of Pages | 288, pages. |
| 942 ## - ADDED ENTRY ELEMENTS (KOHA) | |
| Koha item type | Books |
| Withdrawn status | Lost status | Collection code | Permanent Location | Current Location | Shelving location | Date acquired | Full call number | Accession Number | Koha item type |
|---|---|---|---|---|---|---|---|---|---|
| | | Non-fiction | MAJU | MAJU | Shelf No.A14 | 2020-12-29 | 658.110 | 9892 | English Literature |